000 00961cam a2200301 a 4500
001 HUB045362
003 PILC
005 20150805152155.0
008 111024s2013 nyua q 001 0 eng
010 _a2011044045
020 _a9780071326179
040 _aDLC
_cDLC
_dDLC
042 _apcc
043 _an-us---
050 0 0 _aPN 1993.5.U6
_b.B419 2013
100 1 _aBelton, John.
245 1 0 _aAmerican cinema/American culture /
_cJohn Belton.
250 _a4th edition.
260 _aNew York :
_bMcGraw-Hill,
_c2013.
300 _axxi, 454 pages :
_billustrations ;
_c24 cm.
500 _aIncludes filmographies and index.
650 0 _aMotion pictures
_zUnited States
_xHistory.
650 0 _aMotion picture industry
_zUnited States
_xHistory.
650 0 _aMotion pictures
_xSocial aspects
_zUnited States.
650 0 _aPopular culture
_zUnited States
_xHistory
_y20th century.
650 0 _aCulture in motion pictures.
942 _2lcc
_cBK
_kFOR
999 _c288343
_d288343